Coastal buffer and conservation zone management in the lower Mekong Delta, Vietnam : Farming and natural resources economics
The four main scientific objects in this dissertation are: document and analyse the interactions, interdependencies, and conflicts between the local community dependent on natural resource within buffer and conservation zones of Damdoi forest enterprise,...
Gespeichert in:
| 1. Verfasser: | |
|---|---|
| Format: | Buch |
| Sprache: | Undetermined |
| Veröffentlicht: |
Copenhagen, Denmark
Department of Economics and Natural Resources
2003
|
| Schlagworte: | |
| Tags: |
Tag hinzufügen
Keine Tags, Fügen Sie den ersten Tag hinzu!
|
| Thư viện lưu trữ: | Trung tâm Học liệu Trường Đại học Cần Thơ |
|---|
| LEADER | 00984nam a2200217Ia 4500 | ||
|---|---|---|---|
| 001 | CTU_55915 | ||
| 008 | 210402s9999 xx 000 0 und d | ||
| 082 | |a 333.7 | ||
| 082 | |b C554 | ||
| 100 | |a Christensen, Stig Moller | ||
| 245 | 0 | |a Coastal buffer and conservation zone management in the lower Mekong Delta, Vietnam : | |
| 245 | 0 | |b Farming and natural resources economics | |
| 245 | 0 | |c Stig Moller Christensen | |
| 260 | |a Copenhagen, Denmark | ||
| 260 | |b Department of Economics and Natural Resources | ||
| 260 | |c 2003 | ||
| 520 | |a The four main scientific objects in this dissertation are: document and analyse the interactions, interdependencies, and conflicts between the local community dependent on natural resource within buffer and conservation zones of Damdoi forest enterprise,... | ||
| 650 | |a Natural resources,Conservation of natural resources | ||
| 650 | |z Mekong delta,vietnam | ||
| 904 | |i Hieu | ||
| 980 | |a Trung tâm Học liệu Trường Đại học Cần Thơ | ||